000 01067cam a2200301 i 4500
999 _c16263
_d16263
001 4178181
003 ARRUPE
005 20170504115121.0
008 790329s1978 enkabcf b 001 0 eng
010 _a 79302303
015 _aGB78-30304
020 _a0091340314 :
_c£3.75
040 _aDLC
_cDLC
_dDLC
043 _afw-----
050 0 0 _aDT476.2
_b.C77 1978
082 0 0 _a966
100 1 _aCrowder, Michael,
_d1934-1988.
_930540
245 1 0 _aWest African resistance :
_bthe military response to colonial occupation /
_cedited by Michael Crowder.
250 _aNew ed. with corrections.
260 _aLondon :
_bHutchinson,
_c1978.
300 _axii, 314 p., [8] p. of plates :
_bill., maps, ports. ;
_c24 cm.
440 0 _aHutchinson university library for Africa
_924037
504 _aIncludes bibliographies and index.
651 0 _aAfrica, West
_xColonization.
_930517
651 0 _aAfrica, West
_xHistory, Military.
_930541
906 _a7
_bcbc
_corignew
_d3
_encip
_f19
_gy-gencatlg
942 _2lcc
_cMONOGRAPH